| 000 | 01374 a2200241 4500 | ||
|---|---|---|---|
| 005 | 20080909103049.0 | ||
| 008 | 080909t xxu||||| |||| 00| 0 hin d | ||
| 010 | _aHIN-79229 | ||
| 020 |
_a818809370x _c350.00 |
||
| 035 | _aHN-51575 | ||
| 037 | _bD. B. Act. / ven | ||
| 082 | _a640.711 | ||
| 100 | _aशर्मा, रमा | ||
| 245 |
_aगृह विज्ञान शिक्षण _cरमा शर्मा |
||
| 260 |
_aजयपुर _bगोयल पब्लिकेशन्स _c2006 |
||
| 260 | _aजयपुर (वितरक) ग्रन्थ विकास | ||
| 270 |
_bजयपुर _a213,राधा दामोदरजी की गली, चौड़ा रास्ता |
||
| 270 |
_aसी-37,राजापार्क _bजयपुर _k2310785 |
||
| 300 |
_a288पृ _c22 सेमी (सजिल्द) |
||
| 942 |
_adpl _cHN _k640.711 / शर्मार _2ddc _h640.711 _mशर्मार |
||
| 999 |
_c1407 _d1407 |
||